| 000 | 00395pab a2200157 454500 | ||
|---|---|---|---|
| 008 | 180718b2014 xxu||||| |||| 00| 0 eng d | ||
| 100 | _aMaharatna, Arup | ||
| 245 | _aInvasion of educational universe by 'economics': A civilisational casualty? | ||
| 260 | _c2014 | ||
| 300 | _ap.17-27. | ||
| 362 | _a6 Sep | ||
| 650 | _aEconomics | ||
| 773 | _aMainstream | ||
| 908 | _aN | ||
| 909 | _a105237 | ||
| 999 |
_c105232 _d105232 |
||